=LDR 00000nam 2200000 4500 =001 INLIS000000000059990 =005 20211228070952 =035 ##$$a 0010-1221000217 =007 ta =008 211228###########################0#ind## =020 ##$$a 979-8767-77-2 =082 ##$$a R.346.016 =084 ##$$a R.346.016 Ind u =245 ##$$a Undang - undang Pokok Perkawinan =250 ##$$a cet 7 =300 ##$$a 309 halaman ; $c 20 cm =650 #4$$a Perkawinan Undang2 dan Peraturan =264 ##$$a Jakarta :$b Sinar Grafika,$c 2007 =336 ##$$a teks$2 rdacontent =337 ##$$a lain-lain$2 rdamedia =338 ##$$a lain-lain$2 rdacarrier =990 ##$$a 37393739